1695 1581 1912 1447 1877 1868 1617 1272 1091 1413 1680 1021 1570 1889 1509 1908 1454 1930 1057 1120 1465 1293 1059 1537 1469 1962 1574 1866 1994 1733 1611 1706 1129 1431 1012 1120 1539 1560 1980 1750 1047 1598 1696 1765 1218 1190 1137 1894 1533 1453 1876 1023 1987 1014 1680 1415 1476 1348 1476 1860 1610 1523 1948 1014 1740 1024 1039 1030 1631 1993 1809 1038 1421 1456 1499 1592 1367 1857 1530 1794 1338 1885 1867 1404 1960 1808 1806 1051 1232 1123 1824 1841 1829 1505 1568 1629 1117 1284 1428 BCNSPRNW ULIB Ver.6.0+V

เปลี่ยนเป็นภาษาไทย

Change to English
 แสดงรายละเอียดบรรณานุกรม
  กลับหน้าหลัก

Brief Record : Get Marc (ISO 2709) : E-mail record : QR code < ปิดหน้าต่าง
LEADER : 00000nam 2200000uu 4500
001    13399126582
003     ULIB
008    020711s2561 th a 000 0 tha d
020    ^a9786168145098
050    ^aนว^bจ158จ
100    ^aจรสจันทร์
245    ^aจันทร์กระจ่างฟ้า ซีรีส์ชุดสี่ดรุณี/^cจรสจันทร์
260    ^aกรุงเทพฯ :^bบางรักษ์,^c2561
300    ^a480 หน้า;^b26 ซม.
650    ^aนวนิยาย
945    ^p340^l0^i004777
999    ^aประนอม เกษจรัล
รายการนี้ยังไม่มีแท็ก
คุณยังไม่ได้ล็อกอิน คุณสามารถมีกิจกรรมร่วมกับเว็บไซต์ได้ แต่ต้องล็อกอินก่อน ::
  ล็อกอิน

รายการสื่อสารสนเทศ

ลำดับที่ ประเภท เลขเรียก/บาร์โค้ด สถานที่ สถานะ
1. นวนิยาย
นวนิยาย
นว จ158จ ฉ.1 
  Barcode: 004777
ห้องสมุดวิทยาเขตสวรรค์ประชารักษ์
►นวนิยาย
บนชั้น
  ขอยืม

รายการใกล้เคียง
    ผู้แต่ง [จรสจันทร์]

    หัวเรื่อง [นวนิยาย]

BibComment


ยังไม่เคยถูกคอมเมนท์

คอมเมนท์ทรัพยากรรายการนี้
  คอมเมนท์: จันทร์กระจ่างฟ้า..


 Copyright 2026. Bcnsprnw @Library